LEADER 02221nam a2200289 i 4500 001 000000337563 003 CaOOAMICUS 005 20240610105023.0 008 191028s2019 fr u000 u fre u 013 $a231348 020 $a978-2-204-13065-3 040 $aSeMil$bita 100 1 $aDurand, Emmanuel,$d<1972- >.$0(OLS)http://semarc/name/3449 245 14$aLes émotions de Dieu :$bindices d'engagement /$cEmmanuel Durand. 264 1$aParis :$bLes Éditions du Cerf,$c2019. 300 $a293 p. ;$c22 cm. 520 2 $aDieu a choisi non seulement de parler la langue des hommes, mais aussi de se faire l?un d?entre eux. Pour s?adresser à l?humanité en sa condition réelle, Dieu a fait sienne la chair humaine, affectivité incluse. Le Dieu biblique est sujet d?émotions : jalousie, colère, regret, joie, etc. Pourtant, un Dieu incorporel paraît de soi inapte aux émotions. Ce Dieu émotif est-il simplement une projection humaine ? 520 2 $aLe Dieu biblique tombe-t-il sous la critique ? Cet ouvrage trace un itinéraire anthropologique, littéraire et théologique. Pour interpréter les émotions de Dieu, il faut d?abord entrevoir la signification des émotions et des passions humaines. Il convient aussi d?explorer les scénarios bibliques dans lesquels interviennent les émotions de Dieu. Celles-ci deviennent alors les indices d?un engagement total. Amour, joie, espoir, colère, regret et tristesse sont ici envisagés de façon sémantique ou narrative, non seulement comme des notions à élucider, mais aussi comme les traits d?un Dieu en action. 650 4$aDio - Concezione cristiana.$0(OLS)http://semarc/subject/9255 650 4$aDio - Concezione biblica.$0(OLS)http://semarc/subject/11629 650 4$aBibbia - Emozioni.$0(OLS)http://semarc/subject/48772 850 $aSeMil 852 $aSeMil$W1$xVenegono$y1$m2D III 407$j217901$B230002$CSeMilBibl$Z2$F230002 $81 996 $6020$a978-2-204-13065-3$9(OLS)http://semarc/number/289055 996 $6245$aLes émotions de Dieu :$bindices d'engagement$9(OLS)http://semarc/title/426540 996 $6264$aParis :$bLes Éditions du Cerf$9(OLS)http://semarc/publisher/29611 LEADER 01151nam a2200277 i 4500 001 000000041078 003 CaOOAMICUS 005 20140717000000.0 008 140717s1991 it u000 u ita u 013 $a12248 020 $a88-399-0956-7 040 $aSeMil$bita 100 1 $aBalmary, Marie.$0(OLS)http://semarc/name/20168 240 13$aLe sacrifice interdit. Freud et la Bible.$0(OLS)http://semarc/title/59309 245 13$aIl sacrificio interdetto :$bFreud e la Bibbia /$cMarie Balmary. 260 $aBrescia :$bQueriniana,$ccopyr. 1991. 300 $a323 p. ;$c21 cm. 490 0 $aNuovi saggi Queriniana ;$v56 650 4$aBibbia e psicologia.$0(OLS)http://semarc/subject/8680 830 0$aNuovi saggi Queriniana ;$v56.$0(OLS)http://semarc/title/10209 850 $aSeMil 852 $aSeMil$W1$xVenegono$y1$m2Z II 268$j7233$B7233$CSeMilBibl$Z2$F7233 $81 961 $aOmaggio: Scuola Cattolica 996 $6020$a88-399-0956-7$9(OLS)http://semarc/number/11666 996 $6245$aIl sacrificio interdetto :$bFreud e la Bibbia$9(OLS)http://semarc/title/59308 996 $6260$aBrescia :$bQueriniana$9(OLS)http://semarc/publisher/29615